Statistics for People with V Initials

Click here to take the quiz!

General Stats

  • This quiz has been taken 176 times
    (85 since last reset)
  • The average score is 13 of 22

Answer Stats

CluePerson% Correct
VLFirst leader of the Soviet UnionVladimir Lenin
94%
VBPosh SpiceVictoria Beckham
88%
VVPainter of "The Starry Night"Vincent van Gogh
86%
VCMarlon Brando's character in
"The Godfather"
Vito Corleone
86%
VIWhite rapper briefly popular
around 1990
Vanilla Ice
84%
VPBoris Yeltsin's successorVladimir Putin
82%
VMRussian foreign minister
who gave his name to a
gasoline bomb "cocktail"
Vyacheslav
Molotov
82%
VFDoctor who
re-animated a corpse
Victor
Frankenstein
74%
VHAuthor of "Les Misérables"Victor Hugo
73%
VKActor of "Batman Forever"Val Kilmer
69%
VDExplorer who sailed to IndiaVasco da Gama
60%
VGNotable "cousin"
portrayed by Joe Pesci
Vinny Gambini
44%
VZComedian who became the
President of Ukraine in 2019
Volodymyr
Zelensky
44%
VN"Lolita" writerVladimir Nabokov
42%
VYThe Titans drafted him in 2006Vince Young
40%
VJPivotal member of
Wimbledon FC's "Crazy Gang".
He also starred in "Snatch"
Vinnie Jones
39%
VR9x motorcycle race championValentino Rossi
36%
VOHungarian P.M. accused of
undermining democracy
Viktor Orbán
36%
VQNorwegian Nazi collaboratorVidkun Quisling
32%
VW"Mrs Dalloway" authorVirginia Woolf
32%
VEFirst king of a united ItalyVictor Emmanuel
26%
VTSoviet cosmonaut who
became the first woman
to have flown in space
Valentina
Tereshkova
25%

Score Distribution

Percentile by Number Answered

Percent of People with Each Score

Your Score History

You have not taken this quiz since the last reset